000 00980nas a2200301 4500
001 BR2016004743
003 BR-BrBNA
005 20231205130718.0
007 ta
008 230509b bl.|||p| |||| 00| 00por d
040 _aBR-BrBNA
_bpor
_cBiblioteca Nacional de Agricultura
041 _a(En)
072 _aL51
100 1 _aPacheco, G.F.E.
100 1 _aPezzali, J.G.
100 1 _aKessler, A. de M.
100 1 _aTrevizan, L.
245 1 _aInclusion of exogenous enzymes to feathers during processing on the digestible energy content of feather meal for adult dogs
650 _aCÃO
650 _aDIETA
650 _aDIGESTIBILIDADE APARENTE
650 _aLIPASE
650 _aPROTEASE
773 0 _tRevista Brasileira de Zootecnia (Brazil)
_xISSN 1806-9290
_g(Jun 2016), v. 45(6) p. 288-294
_wBR2016004743
856 4 0 _uhttp://www.scielo.br/pdf/rbz/v45n6/1516-3598-rbz-45-06-00288.pdf
909 _a202311
_bLúcia
_c55
_dLúcia Elande
942 _2AGRIS
_n0
_cANA
999 _c250812
_d250812